Los juicios sintéticos "a priori" desde el punto de vista lógico / (Record no. 33338)

MARC details
000 -LEADER
campo de control de longitud fija 00694nam a2200229 i 4500
001 - NÚMERO DE CONTROL
campo de control 33338
003 - IDENTIFICADOR DE NÚMERO DE CONTROL
campo de control ES-MaACL
005 - FECHA Y HORA DE LA ÚLTIMA TRANSACCIÓN
campo de control 20250828113016.0
007 - CAMPO FIJO DE DESCRIPCIÓN FÍSICA--INFORMACIÓN GENERAL
campo de control de longitud fija t|
008 - DATOS DE LONGITUD FIJA--INFORMACIÓN GENERAL
campo de control de longitud fija 030202s1927 sp |||| | spa d
080 ## - NÚMERO DE LA CLASIFICACIÓN DECIMAL UNIVERSAL
Número de la Clasificación Decimal Universal 161
100 1# - ENTRADA PRINCIPAL--NOMBRE DE PERSONA
Nombre de persona Besteiro, Julián,
Fechas asociadas al nombre 1870-1940
9 (RLIN) 28619
245 14 - MENCIÓN DEL TÍTULO
Título Los juicios sintéticos "a priori" desde el punto de vista lógico /
Mención de responsabilidad, etc. Julián Besteiro.
260 ## - PUBLICACIÓN, DISTRIBUCIÓN, ETC.
Lugar de publicación, distribución, etc. Madrid :
Nombre del editor, distribuidor, etc. La Lectura,
Fecha de publicación, distribución, etc. 1927.
300 ## - DESCRIPCIÓN FÍSICA
Extensión 68 p. ;
Dimensiones 19 cm.
490 1# - MENCIÓN DE SERIE
Mención de serie Ciencia y educación
650 #4 - PUNTO DE ACCESO ADICIONAL DE MATERIA--TÉRMINO DE MATERIA
Término de materia o nombre geográfico como elemento de entrada Juicio (Lógica)
9 (RLIN) 14026
650 #4 - PUNTO DE ACCESO ADICIONAL DE MATERIA--TÉRMINO DE MATERIA
Término de materia o nombre geográfico como elemento de entrada A priori.
9 (RLIN) 159005
830 00 - PUNTO DE ACCESO ADICIONAL DE SERIE-TÍTULO UNIFORME
Título uniforme Ciencia y educación (La Lectura)
9 (RLIN) 181469
852 ## - LOCALIZACIÓN
Ubicación ES-MaACL
Número de control de estantería 1530-F-11
Holdings
Estatus retirado Estado de pérdida Estado de daño No para préstamo Colección Biblioteca de origen Biblioteca actual Ubicación en estantería Fecha de adquisición Fuente de adquisición Total de préstamos Signatura topográfica completa Código de barras Visto por última vez Precio de reemplazo Tipo de ítem Koha
        Colección de folletos Biblioteca del Ateneo de Madrid Biblioteca del Ateneo de Madrid Depósito folletos 17/01/2008     1530-F-11 1034671 23/02/2023 23/02/2023 Folleto